000 00510nam a2200181Ia 4500
001 3864
005 20260306145714.0
008 260306t2016||||xx |||||||||||||| ||spa||
041 _aESP
082 _a303.69
_bV66
100 _aVilla Casal, Juan Pablo
_eAUT
245 0 _aManual de negociación y resolución de conflictos:
_bdefine objetivos, resuelve incidencias y obtén resultados
260 _c2016
300 _a214 páginas :
_c23 cm.
650 _aGEN
654 _aCHU
942 _cLIB
_dJUS
_fJUS
_2ddc
_n
999 _c3864
_d3864